Lunch Pack - Statistics

General Stats
  • This quiz has been taken 5 times
  • The average score is 7 of 10
Answer Stats
Picture Hint Answer % Correct
Uncommon - 18.75% Bananas
100%
Uncommon - 18.75% Cheese
100%
Rare - 7% Taco
100%
Uncommon - 18.75% Watermelon
100%
Legendary - 0.65% Sandwich
80%
Rare - 7% Sushi
80%
Epic - 3.31% Cheeseburger
60%
Rare - 7% Bao
40%
Uncommon - 18.75% Doughnut
40%
Chroma - 0.04% Half-a-Sandwich
20%
No matching quizzes found
Score Distribution
Percent of People with Each Score
Percentile by Number Answered
Your Score History
You have not taken this quiz